Floors & tiles

Bibliographic Details
Main Author: HOLLOWAY, David
Other Authors: MILSON, Fred
Format: Book
Published: London : Charles Letts & Co. , 1993
Series:Letts Home Decorator
Subjects:

MARC

LEADER 00000cam a2200000 7i4500
001 0000002529
002 000002753
005 20000330.0
020 |a 1852383801 
090 0 0 |a 747.4   |b HOL 
100 1 |a HOLLOWAY, David 
245 1 0 |a Floors & tiles   |c David Holloway and Fred Milson 
260 |a London :   |b Charles Letts & Co. ,   |c 1993 
490 0 |a Letts Home Decorator 
650 0 0 |a Floors   |x Interior decoration 
700 1 |a MILSON, Fred 
999 |a 036228   |b BUKU   |c PINJAMAN   |e PERPUSTAKAAN KOMUNITI PETALING JAYA